header

Victor Hugo on things that matter (Record no. 43686)

MARC details
000 -LEADER
fixed length control field 01285nam a2200313Ia 4500
100 1# - MAIN ENTRY--AUTHOR NAME
Personal name Hugo, Victor,
245 10 - TITLE STATEMENT
Title Victor Hugo on things that matter
260 ## - PUBLICATION, DISTRIBUTION, ETC. (IMPRINT)
Place of publication New Haven :
Name of publisher Yale University Press,
Year of publication 2009.
300 ## - PHYSICAL DESCRIPTION
Number of Pages xxvi, 491 p.
650 #0 - SUBJECT ADDED ENTRY--TOPICAL TERM
Topical Term French literature.
700 1# - ADDED ENTRY--PERSONAL NAME
Personal name Barnett, Marva A.
856 40 - ELECTRONIC LOCATION AND ACCESS
Uniform Resource Identifier http://site.ebrary.com/lib/rucke/Doc?id=10348435

No items available.

© 2026 Rongo University
Contact us: librarian | system librarian | Rongo university